| 000 | 00510nam a2200157 a 4500 | ||
|---|---|---|---|
| 001 | 000029282 | ||
| 005 | 20200930055440.0 | ||
| 008 | 110414s2004 dr 000 0 spa d | ||
| 040 |
_aDO-SdBNP _bspa _cBNPHU |
||
| 082 |
_axxxx _bBaehr, Bonnie |
||
| 245 | 1 | 3 |
_aEl ser humano : _braíz del problema ecológico / _cBonnie Baehr. |
| 260 |
_aSanto Domingo : _bFondo de Publicaciones Bonnie Baehr, _c[199?]. |
||
| 300 |
_a22 p. ; _c19 cm. |
||
| 500 | _aIncluye datos biográfico del autor en la pag. 23 | ||
| 049 | _aBNPD | ||
| 999 |
_c28774 _d28774 |
||